Catalog

Record Details

Catalog Search



Problémy etiky II  Cover Image Book Book

Problémy etiky II / Tomáš Chudý ; Ondřej Beran, Kamila Pacovská

Beran, Ondřej, 1979- (Editor). Pacovská, Kamila (Editor). Chudý, Tomáš, 1976- (Added Author).

Record details

  • ISBN: 978-80-7465-570-8
  • Physical Description: 299 stran ; 24 cm
  • Publisher: Červený Kostelec : Pavel Mervart, 2022

Content descriptions

General Note:
Poznámky
Bibliography, etc. Note:
Obsahuje bibliografické odkazy
Language Note:
Anglické resumé
Subject: etika
svoboda
morálka
právo a morálka
literatura a morálka
emoce > etické pojetí
integrita (psychologie)
loajalita
dobro
Genre: sborníky

Available copies

  • 1 of 1 copy available at Common Catalog SPOK.

Holds

  • 0 current holds with 1 total copy.
Show All Copies
Location Call Number / Copy Notes Barcode Shelving Location Status Due Date
Jabok Library ET-7/B 424480044886 Odborná literatura Available -

LDR 01982nam a2200613 i 4500
00152391
003CZ-PrJAB
00520230608220718.0
007ta
008230531s2022 xr e 000 0 cze d
020 . ‡a978-80-7465-570-8 ‡q(brožováno) : ‡cKč 369.00
035 . ‡a(CZ PrSKC)1429119
035 . ‡a(OCoLC)1344359052
040 . ‡aKLG001 ‡bcze ‡erda
0411 . ‡acze ‡beng ‡heng
072 7. ‡a17 ‡xEtika. Morální filozofie ‡2Konspekt ‡95
080 . ‡a17 ‡2MRF
080 . ‡a123.1 ‡2MRF
080 . ‡a17.02 ‡2MRF
080 . ‡a34:17.02 ‡2MRF
080 . ‡a82:17.02 ‡2MRF
080 . ‡a159.942 ‡2MRF
080 . ‡a159.923 ‡2MRF
080 . ‡a172/174 ‡2MRF
080 . ‡a111.84 ‡2MRF
080 . ‡a(082) ‡2MRF
24500. ‡aProblémy etiky II / ‡cTomáš Chudý ; Ondřej Beran, Kamila Pacovská
264 1. ‡aČervený Kostelec : ‡bPavel Mervart, ‡c2022
300 . ‡a299 stran ; ‡c24 cm
336 . ‡atext ‡btxt ‡2rdacontent
337 . ‡abez média ‡bn ‡2rdamedia
338 . ‡asvazek ‡bnc ‡2rdacarrier
500 . ‡aPoznámky
504 . ‡aObsahuje bibliografické odkazy
546 . ‡aAnglické resumé
65007. ‡aetika ‡7ph114488 ‡2czenas
65007. ‡asvoboda ‡7ph116345 ‡2czenas
65007. ‡amorálka ‡7ph115354 ‡2czenas
65007. ‡aprávo a morálka ‡7ph767120 ‡2czenas
65007. ‡aliteratura a morálka ‡7ph1087106 ‡2czenas
65007. ‡aemoce ‡7ph114465 ‡xetické pojetí ‡2czenas
65007. ‡aintegrita (psychologie) ‡7ph1030314 ‡2czenas
65007. ‡aloajalita ‡7ph292477 ‡2czenas
65007. ‡adobro ‡7ph119521 ‡2czenas
655 7. ‡asborníky ‡7fd163935 ‡2czenas
7001 . ‡aBeran, Ondřej, ‡d1979- ‡7jx20100602006 ‡4edt
7001 . ‡aPacovská, Kamila ‡7jo2015871493 ‡4edt
7001 . ‡aChudý, Tomáš, ‡d1976- ‡7xx0022935
910 . ‡aABG312
995 . ‡aska
901 . ‡a52391 ‡bAUTOGEN ‡c52391 ‡tbiblio

Additional Resources